000 00233 a2200097 4500
001 12242
100 _aJane's
245 _aJane's: Radar and Electronic Warfare Systems 2005-2006
260 _a
_bJane's Group
_c
090 _c9472
_d9472
942 _aNUST-CAE
_cM
_c36347
999 _c247315
_d247315